University Home | Library Home | Institutional Repository

Health and disease in Ethiopia : (Record no. 46399)

MARC details
000 -LEADER
fixed length control field 00489cam7a220018100 4500
001 - CONTROL NUMBER
control field tmp15759325
003 - CONTROL NUMBER IDENTIFIER
control field UPRA
005 - DATE AND TIME OF LATEST TRANSACTION
control field 20190814091539.0
008 - FIXED-LENGTH DATA ELEMENTS--GENERAL INFORMATION
fixed length control field 951023m19401985xx eng u
035 ## - SYSTEM CONTROL NUMBER
System control number (Sirsi) r42457
035 ## - SYSTEM CONTROL NUMBER
System control number (UPRA)tmp15759325
040 ## - CATALOGING SOURCE
Transcribing agency UPRA
100 1# - MAIN ENTRY--PERSONAL NAME
Personal name Kloos, Helmim.
Linkage A102537.1
245 10 - TITLE STATEMENT
Title Health and disease in Ethiopia :
Remainder of title a guide to the literature.
260 ## - PUBLICATION, DISTRIBUTION, ETC.
Date of publication, distribution, etc. 1940-1985.
949 ## - LOCAL PROCESSING INFORMATION (OCLC)
a RA643.7
w LC
i -51830
m MEDICAL
t BOOK
l ON-SHELF

No items available.

© 2026 - The University of Zambia Library - Koha v25.11